书目信息 |
| 题名: |
北非诸国(二):利比亚、突尼斯、阿尔及利亚、摩洛哥
|
|
| 作者: | 黄云 编著 | |
| 分册: | ||
| 出版信息: | 北京 军事谊文出版社 1996.3 |
|
| 页数: | 179页 | |
| 开本: | 19cm | |
| 丛书名: | 世界各国知识丛书.非洲卷 | |
| 单 册: | ||
| 中图分类: | Z1 | |
| 科图分类: | ||
| 主题词: | 丛书 | |
| 电子资源: | ||
| ISBN: | 7-80027-651-1 | |
| 000 | 00616nam0 2200217 45 | |
| 001 | 0004171410 | |
| 005 | 20040519090430.3 | |
| 010 | @a7-80027-651-1@dCNY56 | |
| 100 | @a20000417d1996 km y0chiy0120 ea | |
| 101 | @achi | |
| 105 | @a z 000yy | |
| 200 | 1 | @a北非诸国(二):利比亚、突尼斯、阿尔及利亚、摩洛哥@f黄云编著@FHuang Yun Bian Zhu |
| 210 | @a北京@c军事谊文出版社@d1996.3 | |
| 215 | @a179页@d19cm | |
| 225 | @a世界各国知识丛书.非洲卷 | |
| 410 | @12001 @a世界各国知识丛书.非洲卷 | |
| 606 | 0 | @a丛书 |
| 690 | @aZ1@v1 | |
| 701 | @a黄云@4编著 | |
| 801 | @aCN@bTSTC@c20000417 | |
| 905 | @dZ1@e56:2(7)@f1@b287720 | |
| 北非诸国(二):利比亚、突尼斯、阿尔及利亚、摩洛哥/黄云编著.-北京:军事谊文出版社,1996.3 |
| 179页;19cm.-(世界各国知识丛书.非洲卷) |
| ISBN 7-80027-651-1:CNY56 |
| ● |
| 相关链接 |
|
|
|
|
正题名:北非诸国(二):利比亚、突尼斯、阿尔及利亚、摩洛哥
索取号:Z1/56:2(7)
 
预约/预借
| 序号 | 登录号 | 条形码 | 馆藏地/架位号 | 状态 | 备注 |
| 1 | 0287720 | 002877202 | 第三借阅区/ [索取号:Z1/56:2(7)] | 在馆 | |
| 2 | 0287721 | 002877211 | 第三借阅区/ [索取号:Z1/56:2(7)] | 在馆 | |
| 3 | 0287722 | 002877220 | 第二样本阅览室/ [索取号:Z1/56:2(7)] | 在馆 |